<?xml version="1.0" encoding="UTF-8"?>
<collection xmlns="http://www.loc.gov/MARC21/slim">
 <record>
  <leader>02159cam a2200445  b4500</leader>
  <controlfield tag="001">1078166420</controlfield>
  <controlfield tag="003">DE-627</controlfield>
  <controlfield tag="005">20240331184342.0</controlfield>
  <controlfield tag="007">tu</controlfield>
  <controlfield tag="008">850101s1957    au |||||      00| ||ger c</controlfield>
  <datafield tag="035" ind1=" " ind2=" ">
   <subfield code="a">(DE-627)1078166420</subfield>
  </datafield>
  <datafield tag="035" ind1=" " ind2=" ">
   <subfield code="a">(DE-576)008166420</subfield>
  </datafield>
  <datafield tag="035" ind1=" " ind2=" ">
   <subfield code="a">(DE-599)BSZ008166420</subfield>
  </datafield>
  <datafield tag="035" ind1=" " ind2=" ">
   <subfield code="a">(OCoLC)186656636</subfield>
  </datafield>
  <datafield tag="035" ind1=" " ind2=" ">
   <subfield code="a">(OCoLC)186656636</subfield>
  </datafield>
  <datafield tag="040" ind1=" " ind2=" ">
   <subfield code="a">DE-627</subfield>
   <subfield code="b">ger</subfield>
   <subfield code="c">DE-627</subfield>
   <subfield code="e">rakwb</subfield>
  </datafield>
  <datafield tag="041" ind1=" " ind2=" ">
   <subfield code="a">ger</subfield>
  </datafield>
  <datafield tag="044" ind1=" " ind2=" ">
   <subfield code="c">XA-AT</subfield>
  </datafield>
  <datafield tag="084" ind1=" " ind2=" ">
   <subfield code="a">9,10</subfield>
   <subfield code="2">ssgn</subfield>
  </datafield>
  <datafield tag="100" ind1="1" ind2=" ">
   <subfield code="a">Kloiber, Ämilian</subfield>
   <subfield code="d">1910-1989</subfield>
   <subfield code="0">(DE-588)137141785</subfield>
   <subfield code="0">(DE-627)590336193</subfield>
   <subfield code="0">(DE-576)161743331</subfield>
   <subfield code="4">aut</subfield>
  </datafield>
  <datafield tag="245" ind1="1" ind2="4">
   <subfield code="a">Das Ziegelfeld</subfield>
   <subfield code="c">Ämilian Kloiber</subfield>
  </datafield>
  <datafield tag="249" ind1=" " ind2=" ">
   <subfield code="a">Anh. Der Grabstein des Capitonius</subfield>
   <subfield code="v">Hans Deringer</subfield>
  </datafield>
  <datafield tag="264" ind1=" " ind2="1">
   <subfield code="a">Linz</subfield>
   <subfield code="b">Oberösterreichischer Landesverl.</subfield>
   <subfield code="c">1957</subfield>
  </datafield>
  <datafield tag="300" ind1=" " ind2=" ">
   <subfield code="a">192, LXXXI S., S. 193 - 208</subfield>
   <subfield code="b">Ill., graph. Darst.</subfield>
   <subfield code="e">2 Kt.</subfield>
  </datafield>
  <datafield tag="336" ind1=" " ind2=" ">
   <subfield code="a">Text</subfield>
   <subfield code="b">txt</subfield>
   <subfield code="2">rdacontent</subfield>
  </datafield>
  <datafield tag="337" ind1=" " ind2=" ">
   <subfield code="a">ohne Hilfsmittel zu benutzen</subfield>
   <subfield code="b">n</subfield>
   <subfield code="2">rdamedia</subfield>
  </datafield>
  <datafield tag="338" ind1=" " ind2=" ">
   <subfield code="a">Band</subfield>
   <subfield code="b">nc</subfield>
   <subfield code="2">rdacarrier</subfield>
  </datafield>
  <datafield tag="490" ind1="1" ind2=" ">
   <subfield code="a">Die Gräberfelder von Lauriacum / Kloiber, Ämilian</subfield>
   <subfield code="v">(zieg)</subfield>
  </datafield>
  <datafield tag="490" ind1="1" ind2=" ">
   <subfield code="a">Forschungen in Lauriacum</subfield>
   <subfield code="v">4/5</subfield>
  </datafield>
  <datafield tag="500" ind1=" " ind2=" ">
   <subfield code="a">Anh.: Hans Deringer: Der Grabstein des Capitonius. Hermann Vetters: Zu den Spolien aus den Steinkistengräbern des Ziegelfeldes</subfield>
  </datafield>
  <datafield tag="583" ind1="1" ind2=" ">
   <subfield code="a">Archivierung/Langzeitarchivierung gewährleistet</subfield>
   <subfield code="f">SSG</subfield>
   <subfield code="x">XA-DE-BW</subfield>
   <subfield code="2">pdager</subfield>
   <subfield code="5">DE-16</subfield>
  </datafield>
  <datafield tag="700" ind1="1" ind2=" ">
   <subfield code="a">Deringer, Hans</subfield>
   <subfield code="0">(DE-627)1230712119</subfield>
   <subfield code="0">(DE-576)160712114</subfield>
   <subfield code="4">oth</subfield>
  </datafield>
  <datafield tag="787" ind1="0" ind2="8">
   <subfield code="i">Rezensiert in</subfield>
   <subfield code="a">Fingerlin, Gerhard, 1937 - 2016</subfield>
   <subfield code="t">[Rezension von: Ä. Kloiber, Die Gräberfelder von Lauriacum, Das Ziegelfeld]</subfield>
   <subfield code="d">Karlsruhe : Staatliches Amt für Denkmalpflege, 1967</subfield>
   <subfield code="w">(DE-627)1587568179</subfield>
   <subfield code="w">(DE-576)517568179</subfield>
  </datafield>
  <datafield tag="787" ind1="0" ind2="8">
   <subfield code="i">Rezensiert in</subfield>
   <subfield code="a">Schoppa, Helmut, 1907 - 1980</subfield>
   <subfield code="t">[Rezension von: Kloiber, Aemilian, Die Gräberfelder von Lauriacum, das Ziegelfeld]</subfield>
   <subfield code="d">1956</subfield>
   <subfield code="w">(DE-627)1788666860</subfield>
  </datafield>
  <datafield tag="800" ind1="1" ind2=" ">
   <subfield code="a">Kloiber, Ämilian</subfield>
   <subfield code="d">1910-1989</subfield>
   <subfield code="t">Die Gräberfelder von Lauriacum.</subfield>
   <subfield code="v">(zieg)</subfield>
   <subfield code="9">zieg</subfield>
   <subfield code="w">(DE-627)1381325890</subfield>
   <subfield code="w">(DE-576)311325890</subfield>
   <subfield code="7">nm</subfield>
  </datafield>
  <datafield tag="830" ind1=" " ind2="0">
   <subfield code="a">Forschungen in Lauriacum</subfield>
   <subfield code="v">4/5</subfield>
   <subfield code="9">4/5</subfield>
   <subfield code="w">(DE-627)130118583</subfield>
   <subfield code="w">(DE-576)006403204</subfield>
   <subfield code="w">(DE-600)505105-8</subfield>
   <subfield code="7">ns</subfield>
  </datafield>
  <datafield tag="935" ind1=" " ind2=" ">
   <subfield code="i">SLoT</subfield>
  </datafield>
  <datafield tag="951" ind1=" " ind2=" ">
   <subfield code="a">MV</subfield>
  </datafield>
  <datafield tag="991" ind1=" " ind2=" ">
   <subfield code="a">Rezensiertes Werk</subfield>
  </datafield>
  <datafield tag="999" ind1=" " ind2=" ">
   <subfield code="a">KXP-PPN1078166420</subfield>
   <subfield code="e">4563555436</subfield>
  </datafield>
 </record>
</collection>
